| 000 | 00777nam a22002177a 4500 | ||
|---|---|---|---|
| 003 | OSt | ||
| 005 | 20220922205554.0 | ||
| 008 | 220922b |||||||| |||| 00| 0 eng d | ||
| 020 | _a978-968-9411-00-0 | ||
| 040 | _cBiblioteca Lado V | ||
| 082 |
_a731.2 _bF981h |
||
| 110 |
_916 _aFundación Cultural MACAY A.C. |
||
| 245 | _aHermandades Escultoricas/ | ||
| 260 |
_aMerida, Yucatan, Mexico _bFundación Pedro y Elena Hernandez, A. C. _bFomento Cultural Banamex _c2007 |
||
| 300 |
_a65p. _c24.5x31.5cm |
||
| 650 |
_2Tesauro de Arte & Arquitectura _aESCULTURA |
||
| 650 |
_2Tesauro de Arte & Arquitectura _aPIEDRA |
||
| 650 |
_2Tesauro de Arte & Arquitectura _aMETAL |
||
| 650 |
_2Tesauro de Arte & Arquitectura _aARTE |
||
| 942 |
_2ddc _c1 _h731.2 _iF981h _n0 |
||
| 999 |
_c2120 _d2120 |
||